Statistics for Random general knowledge #1

Click here to take the quiz!

General Stats

  • This quiz has been taken 8 times
  • The average score is 6 of 15

Answer Stats

QuestionAnswer% Correct
Which country has the highest amount of vending machines in the world?Japan
86%
What is the word for the fear of the number 13?Triskaidekaphobia
86%
What were the most popular girl and boy name between 1917 and 2016?Mary and James
57%
Where can you find the largest pyramid in the world?Mexico
57%
Which day was recorded as the most boring day in the world?April 11, 1954
43%
Who usually consider black cats as good luck?Sailors
43%
How many ways are there to make change for a dollar?293
29%
How many burger are sold at McDonald's every second?75
29%
How many rubber ducks were lost at sea in 1992?around 30000
29%
In which country are the most mothers employed?Denmark
29%
On which day of the week are children born less frequently?Saturday
29%
Where is owning only one guinea pig illegal?Switzerland
29%
On average, how much uses a secretary his/her left hand for what they type on a keyboard?56%
14%
How many flavors of KitKat are there in Japan?Around 200
14%
Who read the most in the world?Indian people
14%

Score Distribution

Percentile by Number Answered

Percent of People with Each Score

Your Score History

You have not taken this quiz